000 00952nam a2200241 4500
999 _c1186
_d1186
001 1588
005 20210210105456.0
008 210210b ||||| |||| 00| 0 eng d
020 0 0 _a9789993676249
090 0 0 _a616.012 G287b 2010
100 0 0 _aGayle, Karma.
245 0 0 _aའབྲུག་རང་ལུགས་གསོ་བ་རིག་པའི་ནད་ཀྱི་དབྱེ་རྟགས་སྣང་གསལ་སྒྲོན་མེ། ཐོན་རིམ་༢་པ།
_cKarma Gayle.
246 _aDruk rang-lug sowa regpay nga ki jatag ngasel den mey.
250 0 0 _a2nd ed.
260 0 0 _aThimphu :
_bNational Traditional Medicine Hospital,
_c2010.
300 0 0 _a318 p.
500 0 0 _aIn Dzongkha.
650 0 0 _aDiseases --Classification.
650 0 0 _aMedicine, Traditional --Bhutan.
650 0 0 _aMedicine, Traditional.
710 _aDepartment of Medical Services, Ministry of Health.
942 _2ddc
_cDZONGKHA